Kody państw na Igrzyskach Olimpijskich - Statystyki

Ogólne statystyki
  • Ten quiz został rozwiązany 89 razy
  • Średni wynik to 94 z 206
Statystyki odpowiedzi
Państwo Kod % Poprawnych
Afganistan AFG
97%
Albania ALB
96%
Algieria ALG
96%
Andora AND
96%
Angola ANG
96%
Argentyna ARG
93%
Armenia ARM
89%
Australia AUS
89%
Belgia BEL
89%
Bahamy BAH
88%
Polska POL
85%
Austria AUT
82%
Azerbejdżan AZE
82%
Barbados BAR
81%
Aruba ARU
79%
Chile CHI
79%
Brazylia BRA
78%
Brunei BRU
78%
Monako MON
78%
Bangladesz BAN
76%
Benin BEN
76%
Bhutan BHU
76%
Boliwia BOL
76%
Bermudy BER
75%
Botswana BOT
74%
Dania DEN
74%
Dominikana DOM
74%
Francja FRA
74%
Bułgaria BUL
72%
Grecja GRE
72%
Estonia EST
71%
Finlandia FIN
71%
Gabon GAB
71%
Honduras HON
71%
Ghana GHA
69%
Indie IND
69%
Irlandia IRL
69%
Jamajka JAM
69%
Cypr CYP
68%
Gambia GAM
68%
Islandia ISL
68%
Kenia KEN
68%
Portugalia POR
68%
Burkina Faso BUR
67%
Antigua i Barbuda ANT
65%
Bośnia i Hercegowina BIH
65%
Hiszpania ESP
65%
Kosowo KOS
65%
Holandia NED
65%
Senegal SEN
65%
Kolumbia COL
64%
Niemcy GER
64%
Maroko MAR
64%
Norwegia NOR
64%
Kanada CAN
63%
Czechy CZE
63%
Gwatemala GUA
61%
Haiti HAI
61%
Kazachstan KAZ
61%
Laos LAO
61%
Lesotho LES
61%
Meksyk MEX
61%
Niger NIG
61%
Chorwacja CRO
60%
Kuba CUB
60%
Gruzja GEO
60%
Pakistan PAK
60%
Peru PER
60%
Słowenia SLO
60%
Turcja TUR
60%
Chiny CHN
58%
Włochy ITA
58%
Namibia NAM
58%
Paragwaj PAR
58%
Ukraina UKR
58%
Kambodża CAM
57%
Liechtenstein LIE
57%
Luksemburg LUX
57%
Madagaskar MAD
57%
Urugwaj URU
57%
Stany Zjednoczone USA
57%
Węgry HUN
56%
Kiribati KIR
56%
Oman OMA
56%
Panama PAN
56%
Samoa SAM
56%
Egipt EGY
54%
Łotwa LAT
54%
Nepal NEP
54%
Katar QAT
54%
Sudan SUD
54%
Wenezuela VEN
54%
Saint Vincent i Grenadyny VIN
54%
Korea Południowa KOR
53%
Tunezja TUN
53%
Zambia ZAM
53%
Kuwejt KUW
51%
Szwecja SWE
51%
Togo TOG
51%
Uganda UGA
51%
Zimbabwe ZIM
51%
Jordania JOR
50%
Somalia SOM
50%
Syria SYR
50%
Uzbekistan UZB
50%
Japonia JPN
49%
Mozambik MOZ
49%
Vanuatu VAN
49%
Tanzania TAN
47%
Grenada GRN
46%
Republika Południowej Afryki RSA
46%
Białoruś BLR
44%
Czad CHA
44%
Wielka Brytania GBR
44%
Rwanda RWA
44%
Surinam SUR
44%
Tuvalu TUV
44%
Komory COM
42%
Ekwador ECU
42%
Fidżi FIJ
42%
Irak IRQ
42%
Izrael ISR
42%
Kamerun CMR
40%
Nigeria NGR
40%
Serbia SRB
40%
Filipiny PHI
39%
Gwinea GUI
38%
Liban LBN
38%
Papua-Nowa Gwinea PNG
38%
Malta MLT
36%
Sri Lanka SRI
36%
Wietnam VIE
36%
Arabia Saudyjska KSA
35%
Nowa Zelandia NZL
33%
Szwajcaria SUI
33%
Słowacja SVK
33%
Zjednoczone Emiraty Arabskie UAE
33%
Samoa Amerykańskie ASA
32%
Libia LBA
32%
Bahrajn BRN
31%
Erytrea ERI
31%
Guam GUM
31%
Liberia LBR
31%
Etiopia ETH
29%
Hongkong HKG
29%
Mali MLI
29%
Wybrzeże Kości Słoniowej CIV
28%
Saint Kitts i Nevis SKN
28%
Rosyjski Komitet Olimpijski ROC
26%
Dżibuti DJI
25%
Litwa LTU
25%
Gujana GUY
24%
San Marino SMR
24%
Tajlandia THA
24%
Jemen YEM
24%
Sierra Leone SLE
22%
Iran IRI
21%
Mongolia MGL
21%
Belize BIZ
19%
Singapur SGP
19%
Wyspy Cooka COK
18%
Kostaryka CRC
18%
Indonezja INA
18%
Macedonia Północna MKD
18%
Mauretania MTN
18%
Burundi BDI
17%
Malediwy MDV
17%
Tonga TGA
17%
Czarnogora MNE
15%
Rumunia ROU
15%
Seszele SEY
15%
Malezja MAS
14%
Mjanma MYA
14%
Portoryko PUR
14%
Tadżykistan TJK
14%
Kajmany CAY
13%
Salwador ESA
13%
Gwinea Bissau GBS
13%
Malawi MAW
13%
Nauru NRU
13%
Turkmenistan TKM
13%
Sudan Południowy SSD
11%
Chińskie Tajpej TPE
11%
Kongo CGO
10%
Republika Zielonego Przylądka CPV
10%
Dominika DMA
10%
Demokratyczna Republika Konga COD
8%
Mołdawia MDA
8%
Mauritius MRI
8%
Nikaragua NCA
8%
Gwinea Równikowa GEQ
7%
Wyspy Dziewicze Stanów Zjednoczonych ISV
7%
Kirgistan KGZ
7%
Palestyna PLE
7%
Wyspy Salomona SOL
7%
Wyspy Świętego Tomasza i Książęca STP
7%
Drużyna uchodźców EOR
6%
Brytyjskie Wyspy Dziewicze IVB
6%
Saint Lucia LCA
6%
Timor Wschodni TLS
6%
Trynidad i Tobago TTO
6%
Republika Środkowoafrykańska CAF
4%
Mikronezja FSM
4%
Palau PLW
4%
Eswatini SWZ
4%
Wyspy Marshalla MHL
3%
Nie znaleziono quizów pasujących do podanych kryteriów
Rozkład punktacji
Procent ludzi z każdym wynikiem
Percentyl według liczby udzielonych odpowiedzi
Twoja historia wyników
Nie rozwiązałeś tego quizu